00437nam a2200169Ia 4500003000400000005001700004008004100021020001800062040000700080041000800087082002100095100002300116245006000139260003800199300001700237365001300254OSt20230421115047.0210423s2004 xx 000 0 und d a9780070587182 cAL aeng a511.5 223bBALV aBALAKRISHNAN(V k). aSchaums outline of theory and problems of graph theory. aNew DelhibTata McGraw-hillc2004 aviii,293bPB b375cINR